[Event "1st EUR-ch"]
[Site "Saint Vincent ITA"]
[Date "2000.07.14"]
[Round "11"]
[White "Dittmar, Peter"]
[Black "Kuczynski, Robert"]
[Result "0-1"]
[WhiteElo "2364"]
[BlackElo "2479"]
[EventDate "2000.07.03"]
[PlyCount "58"]

1.c4 c6 2.Nc3 d5 3.cxd5 cxd5 4.d4 Nf6 5.Bf4 Qb6 6.a3 Qxb2 7.Na4 Qb5 8.Bd2 
Qd7 9.Nf3 e6 10.Ne5 Qd8 11.e3 Be7 12.Bd3 O-O 13.Qc2 Bd7 14.Nc5 Bxc5 15.
Qxc5 Nc6 16.Rb1 Nxe5 17.dxe5 Ne4 18.Bxe4 dxe4 19.Rxb7 Bc8 20.Rb4 Ba6 21.
Qd4 Qc7 22.Qxe4 Rfd8 23.Rd4 Rxd4 24.exd4 Rb8 25.f3 Rb2 26.Qa8+ Bc8 27.Ke2 
Qc4+ 28.Ke3 Qc2 29.Bb4 g5 0-1

[Event "1st EUR-ch"]
[Site "Saint Vincent ITA"]
[Date "2000.07.14"]
[Round "11"]
[White "Efimov, Igor"]
[Black "Rasmussen, Karsten"]
[Result "1/2-1/2"]
[WhiteElo "2520"]
[BlackElo "2417"]
[EventDate "2000.07.03"]
[PlyCount "156"]

1.e4 c6 2.d4 d5 3.Nc3 dxe4 4.Nxe4 Bf5 5.Ng3 Bg6 6.Bc4 e6 7.N1e2 Nf6 8.Nf4 
Bd6 9.Qe2 Qc7 10.Nxg6 hxg6 11.O-O Nbd7 12.c3 O-O-O 13.b4 Nd5 14.Bd2 N7f6 
15.b5 c5 16.a4 Bf4 17.Bxd5 Rxd5 18.a5 Bxd2 19.b6 Qf4 20.bxa7 Kc7 21.Qb5 
Ra8 22.Rfb1 Rxa7 23.Qb6+ Kb8 24.a6 Bxc3 25.Ne2 Qd6 26.Qxa7+ Kxa7 27.Nxc3 
Qxa6 28.Nxd5 Nxd5 29.dxc5 Qxa1 30.Rxa1+ Kb8 31.Ra3 Kc7 32.Ra8 Kc6 33.Rc8+ 
Nc7 34.h4 e5 35.Kf1 f6 36.Ke2 Kd7 37.Rf8 Ne6 38.Rf7+ Kc6 39.g3 Kxc5 40.
Rxb7 Kc6 41.Rf7 Kd5 42.Ke3 Nd4 43.g4 Ne6 44.f3 Kd6 45.Kf2 Kd5 46.Kg3 Kd6 
47.h5 gxh5 48.gxh5 e4 49.fxe4 Ke5 50.Kf2 Nf4 51.Re7+ Kd6 52.Rxg7 Nxh5 53.
Rg4 Ke6 54.Ke3 Kf7 55.Kd4 Ng7 56.Rg1 Ne6+ 57.Kd5 Nf4+ 58.Kd6 Nd3 59.Ra1 
Ne5 60.Rc1 Nf3 61.Rc3 Ng5 62.Rc4 Nf3 63.Ra4 Ng5 64.Kd5 Kg6 65.Ra7 Nf3 66.
Ra3 Ne5 67.Ke6 Nf7 68.Kd5 Ne5 69.Ke6 Nf7 70.Ke7 Ng5 71.Re3 f5 72.e5 f4 73.
Re1 Kf5 74.e6 f3 75.Kd6 Nxe6 76.Rxe6 f2 77.Re8 Kg4 78.Rf8 Kg3 1/2-1/2

[Event "1st EUR-ch"]
[Site "Saint Vincent ITA"]
[Date "2000.07.14"]
[Round "11"]
[White "Fedorov, Alexei"]
[Black "Gershon, Alik"]
[Result "1-0"]
[WhiteElo "2646"]
[BlackElo "2502"]
[EventDate "2000.07.03"]
[PlyCount "75"]

1.e4 c5 2.Nf3 d6 3.d4 cxd4 4.Nxd4 Nf6 5.Nc3 Nc6 6.Bc4 Qb6 7.Nb3 e6 8.Bf4 
Ne5 9.Be2 Bd7 10.Qd2 Be7 11.O-O-O O-O 12.g4 Bc6 13.f3 Qc7 14.Nd4 a6 15.g5 
Nfd7 16.h4 b5 17.a3 Nc5 18.h5 Rfc8 19.g6 fxg6 20.hxg6 Nxg6 21.Be3 a5 22.
Bxb5 Bxb5 23.Ndxb5 Qb6 24.Kb1 Rab8 25.Bd4 e5 26.Be3 Qc6 27.Bxc5 Qxc5 28.a4
Nf4 29.Rdg1 Qb4 30.Rg4 Rxc3 31.Qxc3 Qxa4 32.Nc7 Ne2 33.Qd2 Qa3 34.Rxg7+ 
Kf8 35.Ne6+ Ke8 36.Rg8+ Kf7 37.Rxb8 Qxf3 38.Rf8+ 1-0

[Event "1st EUR-ch"]
[Site "Saint Vincent ITA"]
[Date "2000.07.14"]
[Round "11"]
[White "Fressinet, Laurent"]
[Black "Odeev, Handszar"]
[Result "1-0"]
[WhiteElo "2536"]
[BlackElo "2442"]
[EventDate "2000.07.03"]
[PlyCount "95"]

1.e4 c5 2.Nc3 d6 3.f4 a6 4.Nf3 g6 5.a4 Bg7 6.Bc4 e6 7.O-O Ne7 8.Qe1 Nbc6 
9.d3 Qc7 10.Bb3 h6 11.Bd2 Bd7 12.a5 O-O-O 13.Na4 Kb8 14.Kh1 Nd4 15.Nxd4 
cxd4 16.c4 dxc3 17.bxc3 Nc6 18.Be3 Rde8 19.Bb6 Qc8 20.Qe3 g5 21.Rab1 gxf4 
22.Qxf4 Be5 23.Qe3 f5 24.Bc4 fxe4 25.Bxa6 Rhf8 26.Rfd1 Bf4 27.Qg1 e3 28.
Bxb7 Qxb7 29.Bxe3 Nxa5 30.Rxb7+ Nxb7 31.Ba7+ Kc8 32.Nb6+ Kc7 33.Nc4 Bc6 
34.Be3 Rf5 35.Bxf4 Rxf4 36.Ne3 Nc5 37.h3 Ref8 38.Rd2 h5 39.c4 Nb3 40.Rb2 
Nd4 41.Qe1 Kd7 42.Qa5 e5 43.c5 Ra8 44.Qe1 Ra3 45.Qg3 Ne6 46.Qg8 Nxc5 47.
Rb8 Rxd3 48.Qe8+ 1-0

[Event "1st EUR-ch"]
[Site "Saint Vincent ITA"]
[Date "2000.07.14"]
[Round "11"]
[White "Galkin, Alexander"]
[Black "Malakhov, Vladimir"]
[Result "1/2-1/2"]
[WhiteElo "2587"]
[BlackElo "2605"]
[EventDate "2000.07.03"]
[PlyCount "118"]

1.e4 c5 2.Nf3 g6 3.d4 Bg7 4.Nc3 cxd4 5.Nxd4 Nc6 6.Be3 Nf6 7.Bc4 O-O 8.Bb3 
d6 9.f3 Bd7 10.Qd2 Qa5 11.O-O-O Rfc8 12.Kb1 Ne5 13.h4 h5 14.Bg5 Rc5 15.
Bxf6 exf6 16.f4 Ng4 17.f5 Bh6 18.Qe2 gxf5 19.Nxf5 Bxf5 20.exf5 Rxc3 21.
bxc3 Qxc3 22.Qe7 Rf8 23.Rxd6 Ne5 24.Rhd1 a5 25.a4 b5 26.axb5 a4 27.R6d3 
Nxd3 28.Rxd3 Qa5 29.Bc4 Qb6 30.Qe4 Qc7 31.Ka2 Rc8 32.Rd4 Bf8 33.Qd3 Qc5 
34.g4 hxg4 35.Rxg4+ Kh7 36.Rd4 Rc7 37.Re4 Bh6 38.Qd4 Qb4 39.b6 Rb7 40.Qxf6
Qxb6 41.Qxb6 Rxb6 42.Ka3 Rf6 43.Bd3 Bd2 44.Kxa4 Kh6 45.Re7 Bc3 46.Kb3 Bd4 
47.c4 Bf2 48.Rc7 Bg3 49.Rc8 Rd6 50.Bc2 Bxh4 51.c5 Rd8 52.Rxd8 Bxd8 53.Kc4 
Kg5 54.Kd5 Kf6 55.Kd6 Be7+ 56.Kc6 Ke5 57.Kb6 Bd8+ 58.Kb7 Kd5 59.c6 Kd6 
1/2-1/2

[Event "1st EUR-ch"]
[Site "Saint Vincent ITA"]
[Date "2000.07.14"]
[Round "11"]
[White "Godena, Michele"]
[Black "Rabinovich, Alexander"]
[Result "1-0"]
[WhiteElo "2485"]
[BlackElo "2424"]
[EventDate "2000.07.03"]
[PlyCount "41"]

1.e4 e6 2.d4 d5 3.Nd2 Nf6 4.e5 Nfd7 5.Bd3 c5 6.c3 Nc6 7.Ne2 a5 8.O-O a4 9.
Nf3 h6 10.Re1 a3 11.b3 cxd4 12.Nexd4 Nb6 13.Nb5 g5 14.Nfd4 Nxd4 15.cxd4 
Bd7 16.Qh5 Bc6 17.Bd2 Be7 18.Nd6+ Bxd6 19.exd6 Qf6 20.Rxe6+ Qxe6 21.Re1 
1-0

[Event "1st EUR-ch"]
[Site "Saint Vincent ITA"]
[Date "2000.07.14"]
[Round "11"]
[White "Jonkman, Harmen"]
[Black "Anastasian, Ashot"]
[Result "1/2-1/2"]
[WhiteElo "2424"]
[BlackElo "2571"]
[EventDate "2000.07.03"]
[PlyCount "83"]

1.e4 Nf6 2.e5 Nd5 3.d4 d6 4.Nf3 Bg4 5.Be2 e6 6.O-O Be7 7.c4 Nb6 8.Nc3 O-O 
9.Be3 Nc6 10.exd6 cxd6 11.c5 dxc5 12.dxc5 Bxf3 13.Bxf3 Nc4 14.Qe2 Nxe3 15.
Qxe3 Qa5 16.Ne4 Rfd8 17.a3 Qc7 18.b4 a5 19.Rab1 axb4 20.axb4 Qe5 21.Rfe1 
g6 22.h3 Nd4 23.Nc3 Qxe3 24.Rxe3 Ra3 25.Nd5 Nxf3+ 26.Rxf3 Rxf3 27.Nxe7+ 
Kf8 28.Nxg6+ hxg6 29.gxf3 Rd4 30.Kf1 Ke7 31.Ke2 Rh4 32.Ke3 Kd7 33.Rd1+ Kc7
34.Rd4 Rxh3 35.Rf4 f5 36.Rd4 e5 37.Rd6 e4 38.Rxg6 Rxf3+ 39.Ke2 Rb3 40.Rf6 
Rxb4 41.Rxf5 Kc6 42.Ke3 1/2-1/2

[Event "1st EUR-ch"]
[Site "Saint Vincent ITA"]
[Date "2000.07.14"]
[Round "11"]
[White "Lobron, Eric"]
[Black "Nadanian, Ashot"]
[Result "1-0"]
[WhiteElo "2530"]
[BlackElo "2413"]
[EventDate "2000.07.03"]
[PlyCount "59"]

1.d4 d5 2.Bg5 c5 3.e4 dxe4 4.d5 Qb6 5.Nc3 Qxb2 6.Bb5+ Bd7 7.Bd2 Qb4 8.Rb1 
Qa5 9.Bxd7+ Nxd7 10.Rxb7 Qa6 11.Qb1 Ngf6 12.Nge2 O-O-O 13.Rb5 e6 14.dxe6 
Qxe6 15.O-O Nb6 16.Bf4 Bd6 17.Ra5 Bxf4 18.Nxf4 Qe5 19.Rxa7 Rd6 20.Na4 Nfd7
21.Qb5 Nxa4 22.Qxa4 Qxf4 23.g3 Qh6 24.Rb1 Kd8 25.Ra8+ Ke7 26.Rxh8 e3 27.
Re1 Re6 28.fxe3 g5 29.Rd1 Nf8 30.Qa8 1-0

[Event "1st EUR-ch"]
[Site "Saint Vincent ITA"]
[Date "2000.07.14"]
[Round "11"]
[White "Lutz, Christopher"]
[Black "Markowski, Tomasz"]
[Result "1/2-1/2"]
[WhiteElo "2595"]
[BlackElo "2568"]
[EventDate "2000.07.03"]
[PlyCount "162"]

1.e4 c5 2.Nf3 g6 3.d4 Bg7 4.dxc5 Qa5+ 5.Nfd2 Qxc5 6.Be2 d6 7.O-O Nd7 8.c4 
b6 9.Nb3 Qc7 10.Nd4 Bb7 11.Nc3 Ngf6 12.f3 O-O 13.Be3 a6 14.Nd5 Qd8 15.
Nxf6+ Bxf6 16.Qd2 Qc7 17.Rac1 Rac8 18.Rfd1 Rfe8 19.b4 Qb8 20.Kh1 Qc7 21.
Bg5 Bg7 22.Nc2 Bb2 23.Rb1 Bf6 24.Bxf6 Nxf6 25.Ne3 Red8 26.Rbc1 Qb8 27.a4 
Bc6 28.b5 Bb7 29.a5 bxa5 30.Qxa5 Rc5 31.Qa3 axb5 32.cxb5 Rh5 33.Kg1 Re5 
34.Bf1 Bc8 35.Qb2 Be6 36.b6 Nd7 37.Rb1 Qb7 38.Bc4 Rb8 39.Bxe6 fxe6 40.Ng4 
Rh5 41.Kh1 Kf7 42.Qc3 Rc8 43.Qa1 Rc6 44.e5 Rxb6 45.Rxb6 Qxb6 46.Rb1 Qc6 
47.Rc1 Qb7 48.Rb1 Qc7 49.Rc1 Qb8 50.Rb1 Qc7 51.Rc1 Qd8 52.Qa6 Qb8 53.f4 
dxe5 54.fxe5 Nxe5 55.Rf1+ Kg7 56.Qa1 Kg8 57.Rb1 Qd6 58.Qa8+ Kg7 59.Qa1 Rg5
60.h3 h5 61.Rd1 hxg4 62.Rxd6 exd6 63.h4 Rf5 64.Kh2 Rf4 65.Qe1 Rd4 66.Qe3 
g3+ 67.Kh3 Rd3 68.Qg5 Nf7 69.Qg4 Kf6 70.Qf4+ Ke7 71.Qe4 Ne5 72.Qb7+ Kf6 
73.Qe4 Rb3 74.Qd4 Ke7 75.Qa4 Rd3 76.Qe4 Rc3 77.Qb7+ Kf6 78.Qb4 Rd3 79.Qe4 
g5 80.hxg5+ Kxg5 81.Qxe5+ dxe5 1/2-1/2

[Event "1st EUR-ch"]
[Site "Saint Vincent ITA"]
[Date "2000.07.14"]
[Round "11"]
[White "Macieja, Bartlomiej"]
[Black "Salmensuu, Olli"]
[Result "1-0"]
[WhiteElo "2536"]
[BlackElo "2458"]
[EventDate "2000.07.03"]
[PlyCount "79"]

1.e4 c5 2.Nf3 Nc6 3.Nc3 g6 4.d4 cxd4 5.Nxd4 Bg7 6.Be3 Nf6 7.Bc4 O-O 8.Bb3 
d6 9.f3 Bd7 10.Qd2 Qa5 11.O-O-O Rfc8 12.Kb1 Ne5 13.h4 Nc4 14.Bxc4 Rxc4 15.
Nb3 Qc7 16.g4 Be6 17.h5 a5 18.Nd4 Rxc3 19.Nxe6 fxe6 20.Qxc3 Qxc3 21.bxc3 
Nd7 22.Bd4 Rf8 23.Rdf1 g5 24.h6 Bf6 25.Be3 Rc8 26.Rh5 Kf7 27.Bxg5 Bxc3 28.
Bc1 Rc4 29.Rb5 Nc5 30.Be3 Na4 31.Rxb7 Bf6 32.Bd2 Nc5 33.Rb5 d5 34.exd5 
exd5 35.Bxa5 Kg6 36.Rb4 Rc3 37.Rf4 Re3 38.Bb6 Rc3 39.Ba5 Re3 40.Re1 1-0

[Event "1st EUR-ch"]
[Site "Saint Vincent ITA"]
[Date "2000.07.14"]
[Round "11"]
[White "Marcelin, Cyril"]
[Black "Morovic, Ivan"]
[Result "1/2-1/2"]
[WhiteElo "2433"]
[BlackElo "2608"]
[EventDate "2000.07.03"]
[PlyCount "50"]

1.c4 c6 2.d4 d5 3.cxd5 cxd5 4.Nc3 Nc6 5.Nf3 e6 6.Bf4 Bd6 7.Bxd6 Qxd6 8.e3 
Nf6 9.Bd3 O-O 10.O-O Bd7 11.Qe2 Rfc8 12.Rfc1 Be8 13.a3 a6 14.Rc2 Rc7 15.
Rac1 Rac8 16.b4 Ne7 17.Nb1 Ba4 18.Rc5 Nd7 19.Rxc7 Rxc7 20.Qb2 Rxc1+ 21.
Qxc1 Nb6 22.Nbd2 Qd8 23.Qc5 Nd7 24.Qc1 Nb6 25.Qc5 Nd7 1/2-1/2

[Event "1st EUR-ch"]
[Site "Saint Vincent ITA"]
[Date "2000.07.14"]
[Round "11"]
[White "Mikhalevski, Victor"]
[Black "Beshukov, Sergei"]
[Result "1-0"]
[WhiteElo "2532"]
[BlackElo "2428"]
[EventDate "2000.07.03"]
[PlyCount "55"]

1.d4 Nf6 2.c4 Nc6 3.Nf3 e6 4.g3 d5 5.Bg2 dxc4 6.Qa4 Bb4+ 7.Bd2 Nd5 8.Bxb4 
Nxb4 9.O-O Bd7 10.Ne5 a5 11.Nxd7 Qxd7 12.Nc3 Rd8 13.Rfd1 O-O 14.a3 Nxd4 
15.Qxd7 Rxd7 16.axb4 axb4 17.Nb5 c5 18.e3 Nb3 19.Rxd7 Nxa1 20.Bf1 c3 21.
bxc3 b3 22.Rd1 Nc2 23.Bc4 b2 24.Ba2 g5 25.Bb1 Na1 26.Rd2 c4 27.Rxb2 Rd8 
28.Ba2 1-0

[Event "1st EUR-ch"]
[Site "Saint Vincent ITA"]
[Date "2000.07.14"]
[Round "11"]
[White "Miljanic, Boro"]
[Black "Kempinski, Robert"]
[Result "1/2-1/2"]
[WhiteElo "2401"]
[BlackElo "2498"]
[EventDate "2000.07.03"]
[PlyCount "88"]

1.e4 c5 2.b3 b6 3.Bb2 Bb7 4.Nc3 d6 5.f4 e6 6.Nf3 Nf6 7.Bd3 Be7 8.O-O a6 9.
e5 dxe5 10.Nxe5 Nc6 11.Nxc6 Bxc6 12.Qe2 b5 13.a4 c4 14.bxc4 bxa4 15.Ba3 
Bxa3 16.Rxa3 Qd6 17.Ra2 a3 18.Qe5 Qe7 19.Ne4 Bxe4 20.Bxe4 Nxe4 21.Qxe4 O-O
22.Rfa1 Qc5+ 23.Kf1 Rad8 24.d3 e5 25.Qxe5 Qc8 26.Rxa3 Rfe8 27.Qh5 Rd6 28.
Ra5 g6 29.Qf3 Rde6 30.Re5 Rxe5 31.fxe5 Rxe5 32.Kg1 Qe6 33.Rf1 Kg7 34.Qf4 
h5 35.h3 a5 36.Qd4 f6 37.Qa7+ Kh6 38.Qb8 Re1 39.Rxe1 Qxe1+ 40.Kh2 a4 41.
Qf4+ Kg7 42.Qc7+ Kh6 43.Qf4+ Kg7 44.Qc7+ Kh6 1/2-1/2

[Event "1st EUR-ch"]
[Site "Saint Vincent ITA"]
[Date "2000.07.14"]
[Round "11"]
[White "Mittelman, Gur"]
[Black "Gelashvili, Tamaz"]
[Result "1-0"]
[WhiteElo "2419"]
[BlackElo "2519"]
[EventDate "2000.07.03"]
[PlyCount "51"]

1.d4 Nf6 2.Nf3 e6 3.c4 Nc6 4.a3 d5 5.Nc3 g6 6.Bf4 a6 7.e3 Bg7 8.h3 O-O 9.
Rc1 Ne7 10.Be2 dxc4 11.Bxc4 b5 12.Be2 Bb7 13.O-O Rc8 14.b4 Nfd5 15.Nxd5 
Nxd5 16.Bg3 f5 17.Be5 Bh6 18.Nd2 c5 19.bxc5 Qa5 20.Nb1 f4 21.Bg4 Kf7 22.e4
Nf6 23.Bxf6 Kxf6 24.d5 f3 25.Qxf3+ Ke7 26.Qg3 1-0

[Event "1st EUR-ch"]
[Site "Saint Vincent ITA"]
[Date "2000.07.14"]
[Round "11"]
[White "Solak, Dragan"]
[Black "Azmaiparashvili, Zurab"]
[Result "0-1"]
[WhiteElo "2490"]
[BlackElo "2673"]
[EventDate "2000.07.03"]
[PlyCount "66"]

1.e4 e5 2.Nf3 Nc6 3.Bb5 g6 4.d4 exd4 5.Bg5 Be7 6.Bxe7 Qxe7 7.O-O Qb4 8.
Bxc6 bxc6 9.e5 Bb7 10.c3 Qxb2 11.Nbd2 Ba6 12.Rb1 Qxc3 13.Re1 Bd3 14.Rc1 
Qb4 15.Nb3 Bf5 16.Nfxd4 Ne7 17.Nc5 O-O 18.Nxf5 Nxf5 19.Qxd7 Rad8 20.Qxc6 
Nd4 21.Qe4 Qb2 22.Rc4 Ne6 23.Nxe6 fxe6 24.Rc2 Qb6 25.h3 Rd5 26.Qe3 Rf5 27.
Qc3 c5 28.Re4 Qb1+ 29.Re1 Qb4 30.f3 Qf4 31.Rce2 Qb4 32.Rc1 Rd1+ 33.Kh2 
Qf4+ 0-1

[Event "1st EUR-ch"]
[Site "Saint Vincent ITA"]
[Date "2000.07.14"]
[Round "11"]
[White "Tiviakov, Sergei"]
[Black "Conquest, Stuart"]
[Result "1-0"]
[WhiteElo "2608"]
[BlackElo "2529"]
[EventDate "2000.07.03"]
[PlyCount "101"]

1.e4 c5 2.Nf3 d6 3.d4 cxd4 4.Nxd4 Nf6 5.Nc3 Nc6 6.Bg5 e6 7.Qd2 Qb6 8.Nb3 
a6 9.Bxf6 gxf6 10.O-O-O Bd7 11.f4 h5 12.Be2 O-O-O 13.Bf3 Ne5 14.Be2 Kb8 
15.Kb1 Nc6 16.Rhf1 h4 17.Qe1 Rc8 18.Rf3 Qa7 19.Rh3 Be7 20.Rxh4 Rxh4 21.
Qxh4 b5 22.a3 f5 23.Qg3 fxe4 24.Nxe4 Qc7 25.Qd3 Rd8 26.g3 Bc8 27.Qc3 Bb7 
28.Ng5 Bxg5 29.fxg5 Ne5 30.Qd4 Bd5 31.Nc1 Rc8 32.c3 Qb7 33.Nd3 Nc4 34.Ka1 
Bf3 35.Qf2 Be4 36.Rf1 Nd2 37.Rd1 Nb3+ 38.Ka2 Bd5 39.Nb4 Nd2+ 40.Ka1 Nb3+ 
41.Ka2 Nd2+ 42.Nxd5 Qxd5+ 43.c4 bxc4 44.Qb6+ Ka8 45.Qxa6+ Kb8 46.Qb6+ Ka8 
47.Bf3 Qxf3 48.Qa6+ Kb8 49.Qxd6+ Rc7 50.Qb6+ Kc8 51.Rxd2 1-0

[Event "1st EUR-ch"]
[Site "Saint Vincent ITA"]
[Date "2000.07.14"]
[Round "11"]
[White "Vallejo Pons, Francisco"]
[Black "Bunzmann, Dimitrij"]
[Result "1/2-1/2"]
[WhiteElo "2554"]
[BlackElo "2484"]
[EventDate "2000.07.03"]
[PlyCount "122"]

1.c4 b6 2.d4 e6 3.a3 f5 4.g3 Bb7 5.d5 b5 6.b3 Nf6 7.Bg2 bxc4 8.bxc4 Na6 9.
Nh3 Bd6 10.O-O O-O 11.Nc3 Nc5 12.Rb1 Rb8 13.Be3 Ba6 14.Rxb8 Qxb8 15.Bxc5 
Bxc5 16.Qa4 Qb6 17.Rb1 Qd6 18.Nf4 Bd4 19.dxe6 dxe6 20.Nd3 c5 21.Nb5 Bxb5 
22.Rxb5 f4 23.Nxf4 Ng4 24.Bf3 Nxf2 25.Kg2 Kh8 26.Qxa7 Be3 27.Qb6 Qd2 28.
Nxe6 Rg8 29.Rb1 Nd1 30.Qb3 Nc3 31.Rb2 Qe1 32.Kh3 Qf1+ 33.Kg4 h5+ 34.Kf5 
Qh3+ 35.Ke5 Re8 36.Bd5 Bd4+ 37.Kd6 Ne4+ 38.Kd7 Nf6+ 39.Kd6 Ne4+ 40.Kd7 
Nf6+ 41.Kd6 Qf5 42.Nxd4 cxd4 43.Qb7 Ne4+ 44.Bxe4 Qe5+ 45.Kd7 Re7+ 46.Kc8 
Re8+ 47.Kd7 Re7+ 48.Kc8 Rxb7 49.Bxb7 d3 50.exd3 Qxb2 51.c5 Qxa3 52.c6 Qf8+
53.Kd7 Qf5+ 54.Kc7 Qe5+ 55.Kc8 Kg8 56.Ba6 Qa5 57.Kb7 Qb4+ 58.Ka7 Qd6 59.
Kb7 Qb4+ 60.Ka7 Qc5+ 61.Kb7 Qb4+ 1/2-1/2

[Event "1st EUR-ch"]
[Site "Saint Vincent ITA"]
[Date "2000.07.14"]
[Round "11"]
[White "Van der Weide, Karel"]
[Black "Epishin, Vladimir"]
[Result "0-1"]
[WhiteElo "2467"]
[BlackElo "2567"]
[EventDate "2000.07.03"]
[PlyCount "72"]

1.e4 c5 2.Nf3 d6 3.d4 cxd4 4.Nxd4 Nf6 5.Nc3 Nc6 6.Bg5 Bd7 7.Qd2 Rc8 8.
O-O-O Nxd4 9.Qxd4 Qa5 10.Bd2 a6 11.Kb1 e5 12.Qd3 Ng4 13.Be1 Qc5 14.Qe2 Nf6
15.f3 Be6 16.g4 Be7 17.h4 O-O 18.Bh3 Rfe8 19.Qg2 Bd8 20.h5 h6 21.g5 hxg5 
22.Bxe6 Rxe6 23.h6 g6 24.h7+ Kh8 25.Bd2 Nh5 26.Bxg5 Bxg5 27.Qxg5 Nf4 28.
Rh2 Qe3 29.Rd3 Qb6 30.Nd5 Qd8 31.Rc3 Rb8 32.Qxd8+ Rxd8 33.Nxf4 exf4 34.Rc7
d5 35.b3 dxe4 36.fxe4 Rf6 0-1

[Event "1st EUR-ch"]
[Site "Saint Vincent ITA"]
[Date "2000.07.14"]
[Round "11"]
[White "Vukovic, Zdravko"]
[Black "Drei, Andrea"]
[Result "1-0"]
[WhiteElo "2471"]
[BlackElo "2350"]
[EventDate "2000.07.03"]
[PlyCount "31"]

1.e4 e6 2.d4 d5 3.Nc3 Nf6 4.e5 Nfd7 5.f4 c5 6.Nf3 Nc6 7.Ne2 Qb6 8.c3 f6 9.
a3 cxd4 10.Nexd4 fxe5 11.fxe5 Nxd4 12.cxd4 a5 13.Bd3 Be7 14.Qc2 g6 15.O-O 
Nb8 16.Qxc8+ 1-0

[Event "1st EUR-ch"]
[Site "Saint Vincent ITA"]
[Date "2000.07.14"]
[Round "11"]
[White "Yakovich, Yury"]
[Black "Smirin, Ilia"]
[Result "0-1"]
[WhiteElo "2585"]
[BlackElo "2677"]
[EventDate "2000.07.03"]
[PlyCount "106"]

1.d4 Nf6 2.c4 g6 3.Nc3 Bg7 4.e4 d6 5.Be2 O-O 6.Bg5 Na6 7.h4 e5 8.d5 h6 9.
Be3 Nc5 10.Qc2 c6 11.h5 cxd5 12.cxd5 Qa5 13.Bd2 Bd7 14.hxg6 fxg6 15.f3 
Rae8 16.Rb1 Qd8 17.Bxh6 Bxh6 18.Rxh6 Kg7 19.Rh1 Nh5 20.Qd2 Rh8 21.Bf1 Qb6 
22.Nge2 Nf4 23.Rxh8 Ncd3+ 24.Kd1 Rxh8 25.Nxf4 Nxf4 26.Kc2 Rh2 27.Rc1 Bh3 
28.Na4 Qd4 29.Qxd4 exd4 30.Kb3 Bxg2 31.Bxg2 b5 32.Nb6 axb6 33.Bf1 d3 34.
Kc3 Rh1 35.Rd1 Kf6 36.Kd4 b4 37.Rb1 Ne2+ 38.Ke3 g5 39.Kf2 Nf4 40.Ke3 Ne2 
41.Rd1 Nf4 42.Rb1 d2 43.Kxd2 Rh2+ 44.Ke3 Ke5 45.Ba6 Ng2+ 46.Kd3 Nf4+ 47.
Ke3 Rh3 48.Rf1 g4 49.Be2 Ng2+ 50.Kd2 g3 51.Rg1 Rh2 52.Ba6 Kf4 53.e5 Kxe5 
0-1